000 00725cam a22002411 4500
001 8410274
003 ARRUPE
005 20140327165724.0
008 841004s1956 sa a 000 0 eng
010 _a 57058347
035 _a(OCoLC)11227858
040 _aDLC
_cMiEM
_dDLC
042 _apremarc
050 0 0 _aS471.C2
_bM3
100 1 _aMatthews, Edgar D.,
_d1891-
_99595
245 1 0 _aTukulu :
_bthe rebirth of a South African farm.
260 _a[Lovedale, South Africa]
_bLovedale Press,
_c1956.
300 _a178 p.
_billus.
_c23 cm.
650 0 _aAgriculture
_zSouth Africa
_zCape of Good Hope.
_99596
650 0 _aPastures
_99597
906 _a7
_bcbc
_coclcrpl
_du
_encip
_f19
_gy-gencatlg
942 _2lcc
_cREFERENCE
999 _c120323
_d120323